A Portrait of the artist as a young man / (Record no. 109450)
[ view plain ]
| 000 -LEADER | |
|---|---|
| fixed length control field | 00837nam a2200157 a 4500 |
| 005 - DATE AND TIME OF LATEST TRANSACTION | |
| control field | 20140414093843.0 |
| 008 - FIXED-LENGTH DATA ELEMENTS--GENERAL INFORMATION | |
| fixed length control field | 090615s19uu xx 00 eng d |
| 050 ## - LIBRARY OF CONGRESS CALL NUMBER | |
| Classification number | DVD 791.43 |
| Item number | POR 19__ |
| 100 ## - MAIN ENTRY--PERSONAL NAME | |
| Personal name | Strick, Joseph |
| 245 ## - TITLE STATEMENT | |
| Title | A Portrait of the artist as a young man / |
| Statement of responsibility, etc | Joseph Strick. |
| 500 ## - GENERAL NOTE | |
| General note | Running time: 92 minutes |
| 520 ## - SUMMARY, ETC. | |
| Summary, etc | In Dublin in 1900 Stephen Dedalus, the future genius James Joyce struggles through the erises of youth and sexuality. When frustrated by conventional women he turns to prostitutes and suffers the agonies of conscience furthered by his church. Then terrified by a priest's sermon on the horrors of hell, he gives up promiscuity. He matures into a young man able to begin to find his place with his own ideals in the world. |
| 650 ## - SUBJECT ADDED ENTRY--TOPICAL TERM | |
| Topical term or geographic name as entry element | Motion pictures. |
| 942 ## - ADDED ENTRY ELEMENTS (KOHA) | |
| Koha item type | Audio Visual Materials |
| Withdrawn status | Lost status | Damaged status | Use restrictions | Home library | Current library | Shelving location | Date acquired | Source of acquisition | Cost, normal purchase price | Total Checkouts | Full call number | Barcode | Date last seen | Price effective from | Koha item type |
|---|---|---|---|---|---|---|---|---|---|---|---|---|---|---|---|
| Luxembourg Library | Luxembourg Library | Audio Visual Material Section | 06/15/2009 | 1043.68 | DVD 791.43 POR 19__ | AV1097 | 04/14/2014 | 04/14/2014 | Audio Visual Materials |